El conductismo

Na minha lista:
Detalhes bibliográficos
Autor principal: Watson, John Broadus (Author)
Formato: Livro
Idioma:espanhol
Publicado em: Buenos Aires Paidós 1972
Edição:4a. ed
Colecção:Biblioteca Psicológica del Siglo XX, 1
Assuntos:
Tags: Adicionar Tag
Sem tags, seja o primeiro a adicionar uma tag!

MARC

LEADER 00000nam a2200000 a 4500
001 UCG1773
003 CL-VaPUC
008 100520e19720000AG |||||||||||||||||spa|d
082 0 4 |a 150.19  |b WAT  |2 21 
100 0 |a Watson, John Broadus  |e author  |9 549779 
245 1 3 |a El conductismo 
250 |a 4a. ed 
300 |a 324 p 
942 |c BK 
945 |d 20100520 00:00:00  |a rbrito 
260 |a Buenos Aires  |b Paidós  |c 1972 
650 7 |a CONDUCTISMO  |2 CL-VaPUC  |9 309844 
650 0 |a Conducta humana   |9 269906 
650 7 |a INSTINTOS HUMANOS  |2 CL-VaPUC  |9 549780 
650 0 |a Emociones   |9 265224 
650 0 |a Pensamiento  |9 307612 
650 0 |a Personalidad   |9 307255 
650 7 |a HABITOS  |2 CL-VaPUC  |9 311931 
583 |a last modification  |c 20100520 00:00:00  |k Rodrigo Vera 
490 0 |a Biblioteca Psicológica del Siglo XX, 1 
999 |c 341036  |d 341034 
952 |0 0  |1 0  |4 0  |6 150_190000000000000_WAT_1972  |7 0  |8 A  |9 436253  |a BIBEDU  |b BIBEDU  |d 2019-11-22  |i 4677293  |o 150.19 WAT 1972  |p 4677293  |r 2019-11-22  |w 2019-11-22  |y BK  |k EPE